000 00524nam a22001817a 4500
999 _c259460
_d259459
003 OSt
005 20230704093330.0
008 220928b xxu||||| |||| 00| 0 eng d
020 _a0205431984,
020 _a 9780205431984,
040 _bEng
_cRU
050 _aBF713
_b.B437 2006
245 _aLifespan development
_cHelen Bee, Denise Boyd, Paul Johnson.
250 _a 2nd Canadian ed.
260 _aToronto :
_b Pearson Allyn & Bacon,
_c©2006.
300 _a 1 volume (xxv, 675 pages)
_c ; 28 cm
942 _2lcc
_cBK